Practitioners' guide to human rights law in armed conflict / (Record no. 5074)

MARC details
000 -LEADER
fixed length control field 03043cam a2200421 i 4500
001 - CONTROL NUMBER
control field ocn950687856
003 - CONTROL NUMBER IDENTIFIER
control field OCoLC
005 - DATE AND TIME OF LATEST TRANSACTION
control field 20190320151325.0
008 - FIXED-LENGTH DATA ELEMENTS--GENERAL INFORMATION
fixed length control field 160601t20162016enk b 001 0 eng c
010 ## - LIBRARY OF CONGRESS CONTROL NUMBER
LC control number 2016943358
015 ## - NATIONAL BIBLIOGRAPHY NUMBER
National bibliography number GBB6F0097
Source bnb
016 7# - NATIONAL BIBLIOGRAPHIC AGENCY CONTROL NUMBER
Record control number 018092191
Source Uk
020 ## - INTERNATIONAL STANDARD BOOK NUMBER
International Standard Book Number 9780198791393
Qualifying information (hardback)
020 ## - INTERNATIONAL STANDARD BOOK NUMBER
International Standard Book Number 0198791399
Qualifying information (hardback)
035 ## - SYSTEM CONTROL NUMBER
System control number (OCoLC)950687856
040 ## - CATALOGING SOURCE
Original cataloging agency YDXCP
Language of cataloging eng
Description conventions rda
Transcribing agency TZ-ArACH
042 ## - AUTHENTICATION CODE
Authentication code pcc
049 ## - LOCAL HOLDINGS (OCLC)
Holding library TZAA
050 00 - LIBRARY OF CONGRESS CALL NUMBER
Classification number KZ6355
Item number .M87
082 04 - DEWEY DECIMAL CLASSIFICATION NUMBER
Classification number 341.6/7
Edition number 23
100 1# - MAIN ENTRY--PERSONAL NAME
Personal name Murray, Daragh,
Relator term author.
245 10 - TITLE STATEMENT
Title Practitioners' guide to human rights law in armed conflict /
Statement of responsibility, etc Daragh Murray ; consultant editors: Dapo Akande, [and four others].
250 ## - EDITION STATEMENT
Edition statement First edition.
260 ## - PUBLICATION, DISTRIBUTION, ETC. (IMPRINT)
Place of publication, distribution, etc Oxford, United Kingdom :
-- London :
Name of publisher, distributor, etc Oxford University Press
-- Royal Institute of International Affairs (Chatham House),
Date of publication, distribution, etc 2016.
300 ## - PHYSICAL DESCRIPTION
Extent xxxvii, 361 pages ;
Dimensions 26 cm
504 ## - BIBLIOGRAPHY, ETC. NOTE
Bibliography, etc Includes bibliographical references and index.
505 0# - FORMATTED CONTENTS NOTE
Formatted contents note Introduction -- Part I. -- Understanding international human rights law -- Identifying, defining, and classifying the activities of armed forces -- The extra-territorial applicability of international human rights law -- The relationship between the law of armed conflict and international human rights law -- Part II. -- Conduct of hostilities and targeting -- Rules of Engagement -- Weapons -- Prisoners of war and internment -- Protection of civilians in the hands of a party to the conflict -- Occupation -- Peace support operations -- Humanitarian assistance -- Air operations -- Maritime warfare -- Cyber operations -- Multinational operations -- Enforcement.
520 ## - SUMMARY, ETC.
Summary, etc "Although the relationship between international human rights law and the law of armed conflict has been the subject of significant recent academic discussion, there remains a lack of comprehensive guidance in identifying the law applicable to specific situations faced by military forces. Providing guidance for armed forces and practitioners on the detailed application of international human rights law during armed conflict, this book fills that gap. Part 1 of the volume details foundational information relating to international human rights law and human rights institutions, the types of operations that States' armed forces engage in, and how the law of armed conflict and international human rights law apply to regulate different situations. Part 2 provides practical guidance as to the legal regulation of specific situations, including discussion of the conduct of hostilities, detention operations, humanitarian assistance, cyber operations, and investigations"--Publisher's website.
650 #0 - SUBJECT ADDED ENTRY--TOPICAL TERM
Topical term or geographic name as entry element War (International law)
650 #0 - SUBJECT ADDED ENTRY--TOPICAL TERM
Topical term or geographic name as entry element International law and human rights.
650 #0 - SUBJECT ADDED ENTRY--TOPICAL TERM
Topical term or geographic name as entry element Human rights.
650 #7 - SUBJECT ADDED ENTRY--TOPICAL TERM
Topical term or geographic name as entry element Human rights.
Source of heading or term fast
650 #7 - SUBJECT ADDED ENTRY--TOPICAL TERM
Topical term or geographic name as entry element International law and human rights.
Source of heading or term fast
650 #7 - SUBJECT ADDED ENTRY--TOPICAL TERM
Topical term or geographic name as entry element War (International law)
Source of heading or term fast
650 #7 - SUBJECT ADDED ENTRY--TOPICAL TERM
Topical term or geographic name as entry element Law.
Source of heading or term ukslc
700 1# - ADDED ENTRY--PERSONAL NAME
Personal name Akande, Dapo,
Relator term editor.
942 ## - ADDED ENTRY ELEMENTS (KOHA)
Source of classification or shelving scheme Library of Congress Classification
Koha item type Books
Holdings
Home library Current library Date acquired Full call number Barcode
African Court on Human and Peoples' Rights Library African Court on Human and Peoples' Rights Library 20/03/2019 KZ6355 .M87 10215611

African Court on Human and Peoples' Rights | For Inquiries Contact » +255 272 510 510